000 01006nam a2200241Ii 4500
003 JO-AjNU
008 230605s9999||||xx |||||||||||||| ||und||
017 _a1425/7172
020 _a9960-9588-6-8
040 _aJO-AjNU
_bara
_erda
_cJO-AjNU
041 _aara
050 1 4 _aBP811.Q27 2005
100 3 _aإعداد: القصير، سليمان بن عبد الله بن عبد العزيز,
_eauthor
_930694
245 0 0 _aأحكام الدين دراسة حديثية فقهية
250 _aط1
264 3 1 _aالرياض: دار كنوز اشبيليا للنشر والتوزيع، 2005
300 _a681ص
_bالفهارس العامة ص 617-650 ؛ المراجع والمصادر ص 651-676
336 _atext
_btxt
_2rdacontent
337 _aunmediated
_bn
_2rdamedia
338 _avolume
_bnc
_2rdacarrier
490 0 _aالصندوق الخيري لنشر البحوث والرسائل 9 الدراسات الحديثية 3
650 4 _aالبيع- الدين- فقه اسلامي
_930695
999 _aA12198
_c15766
_d15766